000 00486nam a2200181Ia 4500
005 20250508160313.0
008 008 250505s9999 xx 000 0 eng d
037 _aReference
040 _aFEDL
_beng
_cFEDL
041 _aeng
_2eng
084 _a420.7, GUR
_qFEDL
100 _aGurrey P
245 0 _aTeaching of written english
260 _aLondon, UK
_bLongmans, Green and Co.
_c1954
300 _a238p.
942 _cREF
_h420.7, GUR
999 _c1363503
_d1363503